| 000 | 00356nam a2200157Ia 4500 | ||
|---|---|---|---|
| 100 | _aFabricius/Eugene D | ||
| 650 | _aVLSI | ||
| 942 | _cBK | ||
| 366 | _f15 | ||
| 654 | _aVLSI design | ||
| 245 | _aIntroduction to VLSI design | ||
| 260 |
_bMcGraw Hill International _aNew Delhi _c1990 |
||
| 082 |
_a621.395/FAB _bFAB |
||
| 546 | _aENGLISH | ||
| 999 |
_c29281 _d29281 |
||